The Law of Nations: Cases, Documents and Notes /

Guardado en:
Detalles Bibliográficos
Autor principal: Briggs, Herbert W. (autor)
Formato: Libro
Idioma:Inglés
Edición:2a edición
Temas:
Etiquetas: Agrega una etiqueta
Sin etiquetas, Sé el primero en etiquetar este registro!

MARC

LEADER 00000nam^a2200000^a^4500
001 000038641
005 20250521000000.0
009 20260310085511.723
037 |a Acervo ITESO - Biblioteca 
041 |a ING 
082 |a 341.  |b BRI 
100 |a Briggs, Herbert W.  |e (autor) 
245 1 4 |a The Law of Nations: Cases, Documents and Notes /  |c H. W. Briggs. 
250 |a 2a edición 
264 |a Nueva York, EUA :  |b Appleton-Century,  |c 1952 
300 |a 1108 p. 
336 |a texto  |b txt  |2 rdacontenido 
337 |a sin mediación  |b n  |2 rdamedio 
338 |a volumen  |b nc  |2 rdasoporte 
649 |a XX 
650 |a Derecho Internacional 
910 |a Fondo General 
920 |a Impresos - Libros 
930 |a Colección General 
905 |a 101 
901 |a 0386410100  |b IT1  |c ACC  |i 038641  |u 20250521 
902 |a https://opac.biblio.iteso.mx/vufind/Record/000038641